000 00537nam a22001575i 4500
001 53141
003 ES-MaACL
007 t|
008 950908s1840 fr ||||1| fre d
040 _aCAM
_bspa
_cCAM
100 1 _aDufau, P. A.
_945886
245 1 0 _aTraité de statistique ou théorie de l'étude des lois dáprès lesquelles se développent les faits sociaux... /
_cpar P. A. Dufau.
260 _aParis :
_bDelloye,
_c1840 (
_fimprimerie le Normant)
300 _aXII, 378 p., [1] h. de map. ;
_c20 cm.
852 _aES-MaACL
_jG-13026
999 _c53141
_d53141